| 000 | 00649cac a2200193 a 4500 | ||
|---|---|---|---|
| 003 | CO-PeBPM | ||
| 005 | 20251020103654.0 | ||
| 008 | 231129e2008||||xx a||||||||||||| ||spa|| | ||
| 020 | _a9788497264945 | ||
| 040 | 0 |
_aCO-PeBPM _bspa _cCO-PeBPM _erda |
|
| 041 | 0 | _aspa | |
| 082 | 0 | 4 | _a302.2 H565f |
| 100 | 1 |
_aHerrera Patiño, Gladys _eautor |
|
| 245 | 1 | 0 |
_aLa fiesta de la conversación _b: Un ambiente y una metodología para la comunicación educativa _c/ Gladys Herrera Patiño |
| 260 |
_aBilbao, España _bEdex _c2008 |
||
| 300 |
_a166 Páginas _c; 29 Centímetros |
||
| 500 | _aIncluye Índice | ||
| 942 |
_2ddc _cBK |
||
| 999 |
_c17126 _d17126 |
||